Mao yi yu tou zi : Zhongguo da lu, Xianggang, Taiwan /

Saved in:
Bibliographic Details
Main Author: Feng, Guozhao.
Format: Book
Language:Chinese
Published: Xianggang : Shang wu yin shu guan, 1997.
Edition:Di 1 ban.
Series:Xianggang jing ji zheng ce cong shu.
Subjects:
Tags: Add Tag
No Tags, Be the first to tag this record!
LEADER 01369cam a2200385 a 4500
001 007760739-2
005 20024617112054.0
008 971203s1997 cc b 001 0 chi d
020 |a 9620762436 
035 0 |a ocm38028721 
040 |a HkUST  |c HkUST  |d WaU  |d MH-HY  |d CStRLIN 
050 0 0 |a HG5782  |b .F46 1997 
100 1 |6 880-01  |a Feng, Guozhao. 
245 1 0 |6 880-02  |a Mao yi yu tou zi :  |b Zhongguo da lu, Xianggang, Taiwan /  |c Feng Guozhao zhu. 
250 |6 880-03  |a Di 1 ban. 
260 |6 880-04  |a Xianggang :  |b Shang wu yin shu guan,  |c 1997. 
300 |a xvi, 203 p. ;  |c 24 cm. 
490 1 |6 880-05  |a Xianggang jing ji zheng ce cong shu 
504 |a Includes bibliographical references and index. 
651 0 |a China  |x Commerce. 
651 0 |a Hong Kong (China)  |x Commerce. 
651 0 |a Taiwan  |x Commerce. 
650 0 |a Investments  |z China. 
650 0 |a Investments  |z China  |z Hong Kong. 
650 0 |a Investments, Taiwan. 
650 0 |a Investments, Foreign  |z China. 
880 1 |6 100-01  |a 馮國釗. 
880 1 0 |6 245-02  |a 貿易與投資 :  |b 中國大陸, 香港, 台灣 /  |c 馮國釗著. 
880 |6 250-03  |a 第1版. 
880 |6 260-04  |a 香港 :  |b 商務印書館,  |c 1997. 
880 1 |6 490-05  |a 香港經濟政策叢書 
830 0 |6 880-55  |a Xianggang jing ji zheng ce cong shu. 
880 0 |6 830-55  |a 香港經濟政策叢書. 
988 |a 20021120 
906 |0 OCLC